Cuentos completos 1 : 1945-1966 /
Guardado en:
| Autor Principal: | |
|---|---|
| Formato: | Libro |
| Publicado: |
Madrid :
Alfaguara,
1994
|
| Series: | Colección Unesco de obras representativas. Serie Iberoamericana
|
| Materias: | |
| Etiquetas: |
Agregar Etiqueta
Sin Etiquetas, Sea el primero en etiquetar este registro!
|
| LEADER | 00900nam a22002415a 4500 | ||
|---|---|---|---|
| 001 | CEM.cems007573 | ||
| 005 | 20100913103259.0 | ||
| 008 | 130507s1994##################000#0#####d | ||
| 003 | CEMS | ||
| 020 | |a 9505112181 | ||
| 082 | 0 | 4 | |a A868.4 |
| 100 | 1 | |a Cortázar, Julio | |
| 245 | 1 | 0 | |a Cuentos completos 1 : |b 1945-1966 / |c Julio Cortázar |
| 260 | |a Madrid : |b Alfaguara, |c 1994 | ||
| 300 | |a 606 p. | ||
| 490 | 0 | |a Colección Unesco de obras representativas. Serie Iberoamericana | |
| 505 | 0 | |a La otra orilla -- Bestiario -- Las armas secretas -- Final del juego -- Historia de cronopios y de famas -- Todos los fuegos el fuego | |
| 653 | |a Literatura | ||
| 653 | |a Literatura argentina-siglo 20 | ||
| 653 | |a Cuentos | ||
| 653 | |a Cuento argentino | ||
| 859 | |a CEMS |b BIB. CEMS - 11 de abril |h A868.4 |i C891-10 |p 17696.94 |t Ej.1 |v 1 |3 1 | ||
| 859 | |a CEMS |b BIB. CEMS - 11 de abril |h A868.4 |i C891-10 |p 22016.03 |t Ej.2 |v 1 |3 1 | ||
